Lékařská mikrobiologie obecná
Uložené v:
| Hlavný autor: | |
|---|---|
| Médium: | Kniha |
| Jazyk: | Czech |
| Vydavateľské údaje: |
Brno
Neptun
2001
|
| On-line prístup: | View in OPAC |
| Tagy: |
Žiadne tagy, Buďte prvý, kto otaguje tento záznam!
|
MARC
| LEADER | 00000nam a2200000 a 4500 | ||
|---|---|---|---|
| 005 | 20260127134003.0 | ||
| 008 | 051214 2001 xr 000 0 cze d | ||
| 020 | |a 8090289622 | ||
| 035 | |a vtls008418530 | ||
| 039 | 9 | |y 200512141103 |z mschk03 | |
| 040 | |a STUSCHK1 |b slo |c STUSCHK1 |e AACR2 | ||
| 080 | |a 576.8 | ||
| 100 | 1 | |a Votava, Miroslav | |
| 245 | 1 | |a Lékařská mikrobiologie obecná | |
| 260 | |a Brno |b Neptun |c 2001 | ||
| 300 | |a 247 s. | ||
| 910 | |a SCHK95 | ||
| 919 | |a 80-902896-2-2 | ||
| 999 | |c 1541 |d 1541 | ||